| 000 | 00457 a2200133 4500 | ||
|---|---|---|---|
| 020 | _a978-969-8893-06-4 | ||
| 082 | _a796.3580954 | ||
| 090 |
_c1789 _d1789 |
||
| 100 | _aShahzad Ali Khan | ||
| 245 |
_aCricket Milestones _cShahzad Ali Khan |
||
| 260 |
_aKarachi _bJambo Publishing _c2009 |
||
| 942 |
_aSNS _cBK _k796.3580954 SHA |
||
| 999 |
_c30395 _d30395 |
||